Statistiques concernant Chaîne de mots géographique - Lettre E

Cliquez ici pour prendre le quiz!

Statistiques générales

  • Ce quiz a été pris 13 898 fois
  • Le résultat moyen est 11 sur 24

Statistiques - réponses

IndiceRéponse% Correct
Pays des pharaonsEgypte
100%
Gratte-ciel newyorkais: ___ State BuildingEmpire
91%
Son roi actuel est Felipe VIEspagne
89%
Mer à l'Est de la GrèceEgée
77%
Autre pays de la Corne de l'AfriqueErythree
69%
Pays balte le plus septentrionalEstonie
69%
Nation britannique au chardonEcosse
66%
Anciennement AbyssinieEthiopie
63%
Célèbre pour ses pimentsEspelette
59%
Napoléon fut exilé sur cette îleElbe
54%
Département de la Grande CouronneEssonne
54%
Affluent de la Seine ou département normandEure
52%
Jumeau du Tigre en MésopotamieEuphrate
49%
Irlande en gaéliqueEire
48%
De l'Atlantique à l'OuralEurope
47%
Si Saint, chef-lieu de la LoireEtienne
46%
Grand Lac d'Amérique du NordErié
27%
Embouchure en golfe évaséEstuaire
20%
Région de Bologne, Modène et ParmeÉmilie-Romagne
18%
Deuxième plus long fleuve ibèriqueEbre
13%
Prénom ou deuxième ville de l'OregonEugene
11%
Si Saint, île néerlandaise des AntillesEustache
11%
Deuxième plus grande île grecqueEubée
7%
Communauté de Badajoz et CáceresEstrémadure
6%

Distribution des résultats

Percentile par nombre de réponses

% des personnes avec chaque résultat

Votre développement - résultats

Vous n’avez pas pris ce quiz